Mort subite : Médailles d'or françaises aux JO 2024 - Statistiques

Statistiques générales
  • Ce quiz a été pris 268 fois
  • Le résultat moyen est 7 sur 16
Answers on the Grid
Answers color-coded by a green-red scale on the quiz's grid according to % correct below.
Romain Cannone
Nikola Karabatic
Manon Apithy-Brunet
Félix Lebrun
Joan-Benjamin Gaba
Titouan Castryck
Pauline Ferrand-Prévot
Teddy Riner
Léon Marchand
Sara Balzer
Auriane Mallo-Breton
Nicolas Gestin
Antoine Dupont
Florent Manaudou
Cassandre Beaugrand
Clarisse Agbegnenou
Alexis Lebrun
Estelle Nze Minko
Benjamin Thomas
Gabby Williams
Victor Wembanyama
Athléa Laurin
Anthony Jeanjean
Joris Daudet
Élodie Clouvel
Kauli Vaast
Paulin Riva
Earvin Ngapeth
Cyréna Samba-Mayela
Johanne Defay
Trévor Clévenot
 
Statistiques - réponses
Réponse % Correct
Teddy Riner
75%
Léon Marchand
72%
Antoine Dupont
68%
Pauline Ferrand-Prévot
61%
Manon Apithy-Brunet
58%
Cassandre Beaugrand
44%
Earvin Ngapeth
43%
Joan-Benjamin Gaba
43%
Clarisse Agbegnenou
39%
Kauli Vaast
39%
Trévor Clévenot
34%
Joris Daudet
29%
Nicolas Gestin
29%
Benjamin Thomas
28%
Paulin Riva
21%
Athléa Laurin
20%
Aucun quiz correspondant
Distribution des résultats
% des personnes avec chaque résultat
Percentile par nombre de réponses
Votre historique - résultats
Vous n’avez pas pris ce quiz